Online
Catalog

Revolución integral / (Record no. 46830)

MARC details
000 -CABECERA
campo de control de longitud fija 01026nam a2200241 a 4500
001 - NÚMERO DE CONTROL
campo de control 000047342
005 - FECHA Y HORA DE LA ÚLTIMA TRANSACCIÓN
campo de control 20201002060506.0
008 - DATOS DE LONGITUD FIJA--INFORMACIÓN GENERAL
campo de control de longitud fija 180504s2004 dr 000 0 spa d
020 ## - NÚMERO INTERNACIONAL ESTÁNDAR DEL LIBRO
Número Internacional Estándar del Libro 9945850806
040 ## - FUENTE DE LA CATALOGACIÓN
Centro catalogador/agencia de origen DO-SdBNP
Lengua de catalogación spa
Centro/agencia transcriptor BNPHU
082 ## - NÚMERO DE LA CLASIFICACIÓN DECIMAL DEWEY
Número de clasificación 149.3
Número de documento/Ítem V732r
100 1# - ENTRADA PRINCIPAL--NOMBRE DE PERSONA
Nombre de persona Villegas Quintero, Efraín.
9 (RLIN) 2033
245 10 - MENCIÓN DE TÍTULO
Título Revolución integral /
Mención de responsabilidad, etc. Efraín Villegas Quintero ; prólogo Antonio Mosquera Ameneiro.
246 14 - FORMA VARIANTE DE TÍTULO
Título propio/Titulo breve Revolución integral :
Resto del título la mejor revolución sin armas y sin violencia, la revolución de la conciencia.
250 ## - MENCIÓN DE EDICIÓN
Mención de edición 6a. ed., amp. y corr.
260 ## - PUBLICACIÓN, DISTRIBUCIÓN, ETC.
Lugar de publicación, distribución, etc. Santo Domingo :
Nombre del editor, distribuidor, etc. Irmgard Radefeldt de Villegas,
Fecha de publicación, distribución, etc. 2004.
300 ## - DESCRIPCIÓN FÍSICA
Extensión 440 p. ;
Dimensiones 24 cm.
590 ## - NOTA LOCAL (RLIN)
Nota local Inventariado, 2018/VM
500 ## - NOTA GENERAL
Nota general Incluye datos biográficos del autor en la solapa de la cubierta
500 ## - NOTA GENERAL
Nota general "Lo contrario del amor es el odio, por lo cual nunca odies a nadie para que nunca jamás te alejes de Dios que es amor" V.M. Desoto
650 #4 - PUNTO DE ACCESO ADICIONAL DE MATERIA--TÉRMINO DE MATERIA
Término de materia o nombre geográfico como elemento de entrada Ocultismo
9 (RLIN) 2395
700 1# - PUNTO DE ACCESO ADICIONAL--NOMBRE DE PERSONA
Nombre de persona Mosquero Ameneiro, Antonio
Término indicativo de función/relación pról.
9 (RLIN) 75005
Holdings
Estado de retiro Estado de pérdida No para préstamo Código de colección Localización permanente Ubicación/localización actual Ubicación en estantería Fecha de adquisición Número de inventario Total de préstamos Signatura topográfica completa Código de barras Fecha visto por última vez Precio válido a partir de Tipo de ítem Koha
    Excluido de préstamo Patrimonio Dominicano Patrimonio Dominicano Patrimonio Dominicano Depósito 04.05.2018 LF1   149.3 V732r 47342-10 25.06.2020 25.06.2020 Libro y Folleto Colección Patrimonio Dominicano

Powered by Koha